000 00800nam a2200229Ia 4500
001 985
003 GE_BSU
008 181216s||||||||xx |||||||||||||| ||und||
040 _cGE_BSU
080 _a811.161.1(075.8)
100 _aПодгаецкая,И.М.
245 _aПроблемный анализ литературы по современному русскому языку.
245 _bСинтаксис.учебное пособие для студ. пед. ин-тов
260 _aМосква
260 _bПросвещение
260 _c1987
300 _a160стр.
541 _h6л.
653 _aПроблемный анализ литературы по современному русскому языку
653 _aРусский язык
942 _cBK
999 _c35143
_d35143